Emergency and confrontation : (Record no. 17035)
[ view plain ]
| 000 -LEADER | |
|---|---|
| fixed length control field | 00500cam a2200145 a 4500 |
| 020 ## - INTERNATIONAL STANDARD BOOK NUMBER | |
| ISBN | 1863733027 |
| 040 ## - CATALOGING SOURCE | |
| Transcribing agency | DLC |
| 082 00 - DEWEY DECIMAL CLASSIFICATION NUMBER | |
| Classification number | 959 ALL 1996 A087 Or. |
| 100 1# - MAIN ENTRY--AUTHOR NAME | |
| Personal name | Dennis, Peter, |
| 245 10 - TITLE STATEMENT | |
| Title | Emergency and confrontation : |
| Remainder of title | Australian military operations in Malaya & Borneo 1950-1966 / |
| 260 ## - PUBLICATION, DISTRIBUTION, ETC. (IMPRINT) | |
| Place of publication | St. Leonards, NSW, Australia : |
| Name of publisher | Allen & Unwin in association with the Australian War Memorial, |
| Year of publication | 1996. |
| 300 ## - PHYSICAL DESCRIPTION | |
| Number of Pages | xvi, 381 p. : |
| Other physical details | ill., maps ; |
| Dimensions | 25 cm. |
| 700 1# - ADDED ENTRY--PERSONAL NAME | |
| Personal name | Grey, Jeffrey. |
| 942 ## - ADDED ENTRY ELEMENTS (KOHA) | |
| Koha item type | សៀវភៅភាសាអង់គ្លេស |
No items available.